000 00282nam a22001217a 4500
008 180730b xxu||||| |||| 00| 0 eng d
082 _a813.52
245 _aPsychiatric Mental Health Nursing
_cTownsend,M.C
260 _c2009
300 _a1
_fCD
760 _b6th
942 _2ddc
_cMX
999 _c46669
_d46669